[Event "Guernsey Holiday op 42nd"]
[Site "Guernsey"]
[Date "2016.10.22"]
[Round "7"]
[White "Jones, Sidney A"]
[Black "Nalichowski, Bogdan"]
[Result "1/2-1/2"]
[WhiteElo "1472"]
[BlackElo "1380"]
[PlyCount "81"]
[EventDate "2016.10.16"]
[EventType "swiss"]
[EventRounds "7"]
[EventCountry "GCI"]
[SourceTitle "EXT 2022"]
[Source "ChessBase"]
[SourceDate "2021.10.06"]
[SourceVersion "1"]
[SourceVersionDate "2021.10.06"]
[SourceQuality "1"]

1. d4 d5 2. c4 Nf6 3. Nf3 Bg4 4. h3 Bh5 5. Nc3 e6 6. Bg5 Be7 7. Bxf6 Bxf6 8. e3 c6 9. Be2 Nd7 10. 0-0 0-0 11. Re1 Be7 12. cxd5 exd5 13. Rc1 Bb4 14. a3 Ba5 15. b4 Bc7 16. Qc2 Nf6 17. Qd1 a6 18. Nd2 Bg6 19. Bf3 Re8 20. Ne2 Qb8 21. Nf1 Bd6 22. Neg3 a5 23. Qb3 Qc7 24. b5 Qb6 25. Be2 a4 26. Qb2 Ra5 27. Rc3 c5 28. dxc5 Bxc5 29. Rec1 Rc8 30. Kh1 Ne8 31. Nd2 Nd6 32. Bf1 Nxb5 33. Qb4 Rc6 34. Rxc5 Rxc5 35. Qxc5 Qd8 36. Qc8 Qf8 37. Qd7 Nd6 38. Qxd6 Qxd6 39. Rc8+ Qf8 40. Rxf8+ Kxf8 41. f4 1/2-1/2

[Event "Guernsey Holiday op"]
[Site "Grand Harve Bay"]
[Date "2006.10.20"]
[Round "6"]
[White "Nalichowski, Bogdan"]
[Black "Kok, Frans"]
[Result "0-1"]
[WhiteElo "1505"]
[BlackElo "1685"]
[PlyCount "124"]
[EventDate "2006.10.15"]
[EventType "swiss"]
[EventRounds "7"]
[EventCountry "GCI"]
[SourceTitle "EXT 2008"]
[Source "ChessBase"]
[SourceDate "2007.11.25"]
[SourceVersion "1"]
[SourceVersionDate "2007.11.25"]
[SourceQuality "1"]

1. e4 c5 2. Nf3 Nc6 3. Nc3 Nf6 4. e5 Ng8 5. Bc4 e6 6. 0-0 Nge7 7. Nb5 Nf5 8. d3 a6 9. Nc3 d5 10. exd6 Bxd6 11. Re1 h6 12. a3 0-0 13. b3 b5 14. Bxb5 axb5 15. Nxb5 Ba6 16. Nc3 Qc7 17. g3 Ncd4 18. Bb2 Nxf3+ 19. Qxf3 Nd4 20. Qd1 Bb7 21. Kf1 Nf3 22. Re3 Nxh2+ 23. Ke1 Qc6 24. Kd2 Nf3+ 25. Kc1 Nd4 26. Re4 f5 27. Rh4 Be7 28. Rh2 Bf6 29. Qh5 Qe8 30. Qd1 Bf3 31. Qe1 Qd7 32. Kb1 Rfb8 33. Qe3 Kh7 34. Na4 Rxa4 35. Ra2 Qb7 36. Bxd4 Rxd4 37. Qxe6 Rd5 38. Rb2 Re5 39. Qc4 Re1+ 40. Ka2 Bxb2 41. Kxb2 Bd5 42. Qxc5 Bxb3 43. Qxf5+ Kg8 44. Qa5 Bf7+ 45. Kc3 Qb2+ 46. Kd2 Re5 47. Qc7 Ree8 48. Qc6 Rec8 49. Qa4 Bb3 50. Qd7 Qxc2+ 51. Ke3 Re8+ 52. Kf3 Qe2+ 53. Kg2 Be6 54. Qd4 Rbd8 55. Qa4 Qxd3 56. Rh4 Bd5+ 57. Kh3 Qf3 58. Rf4 Qh1+ 59. Kg4 Be6+ 60. Rf5 Rf8 61. Kf4 Rxf5+ 62. Ke3 Qf3# 0-1

[Event "Guernsey Holiday op"]
[Site "Grand Harve Bay"]
[Date "2006.10.18"]
[Round "4"]
[White "Nalichowski, Bogdan"]
[Black "Kearsley, Raymond J"]
[Result "1-0"]
[WhiteElo "1505"]
[BlackElo "1640"]
[PlyCount "61"]
[EventDate "2006.10.15"]
[EventType "swiss"]
[EventRounds "7"]
[EventCountry "GCI"]
[SourceTitle "EXT 2008"]
[Source "ChessBase"]
[SourceDate "2007.11.25"]
[SourceVersion "1"]
[SourceVersionDate "2007.11.25"]
[SourceQuality "1"]

1. c4 Nf6 2. Nc3 g6 3. Nf3 Bg7 4. d4 d5 5. cxd5 Nxd5 6. e4 Nxc3 7. bxc3 0-0 8. Bc4 c5 9. e5 Nc6 10. 0-0 Bg4 11. h3 cxd4 12. hxg4 dxc3 13. Qb3 Nxe5 14. Nxe5 Bxe5 15. Bh6 e6 16. Bxf8 Qh4 17. Rfe1 Qh2+ 18. Kf1 Qh1+ 19. Ke2 Qxg2 20. Bc5 Qxg4+ 21. f3 Qg2+ 22. Bf2 Bd4 23. Rf1 Rd8 24. Rad1 e5 25. Bxf7+ Kg7 26. Qxb7 Rf8 27. Bd5+ Kh8 28. Qc7 Qg5 29. Rd3 Re8 30. Qc4 Rb8 31. Rxc3 1-0